000 00384nam a22001577a 4500
020 _a9781137027689
082 _a349.41
_bMCL
100 _aMcleod, Ian
_9128426
245 _aLegal Method /
_cIan Mcleod
250 _a9th Edition.
260 _aLondon :
_bRed Blobe Press,
_c2019.
300 _a339 p.
563 _aHB.
650 _aLaw, Legal Method
_9128427
942 _2ddc
_cBK
999 _c613392
_d613392